000 00384nam a22001337a 4500
008 140123b xxu||||| |||| 00| 0 eng d
050 _aPR6045.A327Z8
100 _aLane, Margaret
_97004
245 _aEdgar Wallace
_bThe biography of a phenomenon
260 _aLondon
_bThe Book Club
_c1939
300 _aviii; 423p.
_c20cm
650 _aWallace, Edgar
_97005
942 _2lcc
_cMONOGRAPH
999 _c119673
_d119673